[Event "Ciudad del Este op 2nd"]
[Site "Ciudad del Este"]
[Date "2015.11.06"]
[Round "2.1"]
[White "Bogado, Federico"]
[Black "Zarate, Fernandoh"]
[Result "0-1"]
[WhiteElo "1697"]
[BlackElo "1989"]
[PlyCount "33"]
[EventDate "2015.11.06"]
[EventType "swiss"]
[EventRounds "6"]
[EventCountry "PAR"]
[SourceTitle "EXT 2023"]
[Source "ChessBase"]
[SourceDate "2022.10.05"]
[SourceVersion "1"]
[SourceVersionDate "2022.10.05"]
[SourceQuality "1"]

1. d4 d5 2. c4 e6 3. Nc3 Nf6 4. Bf4 Be7 5. e3 0-0 6. Bd3 c5 7. cxd5 exd5 8. h3 c4 9. Bc2 Nc6 10. a3 a6 11. Nf3 b5 12. 0-0 Be6 13. b3 Qd7 14. Ne5 Nxe5 15. Bxe5 Ne8 16. Qh5 g6 17. Qh6 0-1

[Event "Ciudad del Este AAAP op"]
[Site "Ciudad del Este"]
[Date "2015.06.14"]
[Round "6.3"]
[White "Zarate, Fernandoh"]
[Black "Rios Almada, Iara"]
[Result "1-0"]
[WhiteElo "1999"]
[BlackElo "1524"]
[PlyCount "85"]
[EventDate "2015.06.12"]
[EventType "swiss"]
[EventRounds "6"]
[EventCountry "PAR"]
[SourceTitle "EXT 2023"]
[Source "ChessBase"]
[SourceDate "2022.10.05"]
[SourceVersion "1"]
[SourceVersionDate "2022.10.05"]
[SourceQuality "1"]

1. d4 d5 2. c4 c6 3. Nc3 Bf5 4. Nf3 e6 5. e3 Bb4 6. Bd3 Bg6 7. 0-0 Bxd3 8. Qxd3 Nf6 9. a3 Ba5 10. b4 Bc7 11. Bb2 Nbd7 12. cxd5 cxd5 13. Rac1 Rc8 14. Qb5 b6 15. Qa6 Bb8 16. Nb5 Rxc1 17. Rxc1 0-0 18. Nxa7 Ne4 19. Rc8 Qe7 20. Nc6 Qd6 21. Nfe5 Nxe5 22. dxe5 Qd7 23. Rxf8+ Kxf8 24. Qa8 Qc7 25. Qxb8+ Qxb8 26. Nxb8 Ke7 27. a4 Nd2 28. a5 bxa5 29. bxa5 Kd8 30. a6 Kc7 31. a7 Kb7 32. Bd4 Nb3 33. Nd7 Nxd4 34. exd4 Kxa7 35. f4 Kb7 36. Kf2 Kc7 37. Nc5 h6 38. g4 g6 39. h4 Kc6 40. h5 Kc7 41. hxg6 fxg6 42. Nxe6+ Kd7 43. Nf8+ 1-0

[Event "Ciudad del Este Patriarca Memorial"]
[Site "Ciudad del Este"]
[Date "2015.02.16"]
[Round "7"]
[White "Zarate, Fernandoh"]
[Black "Cristobal, Manuel"]
[Result "0-1"]
[WhiteElo "1854"]
[BlackElo "2202"]
[PlyCount "180"]
[EventDate "2015.02.11"]
[EventType "tourn"]
[EventRounds "9"]
[EventCountry "PAR"]
[SourceTitle "EXT 2018"]
[Source "ChessBase"]
[SourceDate "2017.10.13"]
[SourceVersion "1"]
[SourceVersionDate "2017.10.13"]
[SourceQuality "1"]

1. d4 Nf6 2. c4 e6 3. Nc3 Bb4 4. f3 Nh5 5. g3 f5 6. e3 b6 7. Bg2 Bb7 8. Nge2 0-0 9. 0-0 d6 10. a3 Bxc3 11. Nxc3 Nd7 12. Qc2 e5 13. d5 f4 14. exf4 exf4 15. g4 Nhf6 16. Bd2 Ne5 17. b3 g5 18. Qf5 h6 19. Qc2 h5 20. h3 c6 21. Rae1 cxd5 22. cxd5 Qd7 23. Ne4 Rac8 24. Qb1 Nxe4 25. Rxe4 Bxd5 26. Rd4 Qf7 27. Bb4 Rc6 28. Rfd1 Bxb3 29. Re1 Bc2 30. Qa1 hxg4 31. Rxd6 Rxd6 32. Bxd6 Nd3 33. Re7 Qf6 34. Qa2+ Kh8 35. Qxc2 Qxd6 36. Qc3+ Qf6 37. Qxf6+ Rxf6 38. hxg4 a5 39. Bf1 Rd6 40. Kg2 Nc5 41. Re2 Kg7 42. Re5 Rd2+ 43. Kg1 Kg6 44. Bb5 Ra2 45. a4 Nxa4 46. Bxa4 Rxa4 47. Re6+ Kf7 48. Rxb6 Ra2 49. Kf1 a4 50. Ke1 a3 51. Ra6 Ke7 52. Kd1 Ra1+ 53. Kc2 Ra2+ 54. Kc1 Kd7 55. Ra5 Ke6 56. Kd1 Ra1+ 57. Kc2 a2 58. Kb2 Rf1 59. Kxa2 Kf6 60. Ra3 Ke5 61. Kb2 Kd4 62. Kc2 Rf2+ 63. Kd1 Rb2 64. Ke1 Rc2 65. Ra5 Rc5 66. Ra4+ Rc4 67. Ra5 Ke3 68. Ra3+ Kd4 69. Ra5 Rc3 70. Ke2 Rc2+ 71. Ke1 Kd3 72. Rxg5 Ke3 73. Kd1 Rg2 74. Rg8 Kxf3 75. g5 Kf2 76. Rf8 f3 77. Rf5 Rg4 78. Kd2 Rg3 79. Kd3 Rg4 80. Kd2 Rd4+ 81. Kc2 Rd8 82. g6 Ke3 83. g7 Rc8+ 84. Kb2 Rg8 85. Re5+ Kd2 86. Rf5 Ke2 87. Re5+ Kf1 88. Kc2 Rxg7 89. Kd3 f2 90. Ke3 Kg1 0-1

[Event "Ciudad del Este Patriarca Memorial"]
[Site "Ciudad del Este"]
[Date "2015.02.13"]
[Round "5"]
[White "Zarate, Fernandoh"]
[Black "Britez, G Jorge A"]
[Result "1-0"]
[WhiteElo "1854"]
[BlackElo "1844"]
[PlyCount "45"]
[EventDate "2015.02.11"]
[EventType "tourn"]
[EventRounds "9"]
[EventCountry "PAR"]
[SourceTitle "EXT 2018"]
[Source "ChessBase"]
[SourceDate "2017.10.13"]
[SourceVersion "1"]
[SourceVersionDate "2017.10.13"]
[SourceQuality "1"]

1. d4 Nf6 2. c4 g6 3. Nc3 d5 4. Nf3 Bg7 5. Bg5 c5 6. e3 cxd4 7. exd4 Qa5 8. Qd2 dxc4 9. Bxc4 0-0 10. 0-0 e6 11. Qf4 Qf5 12. Qh4 Nc6 13. Rad1 Nd7 14. Rfe1 Nb6 15. Bd3 Qa5 16. Ne4 Nd5 17. Bh6 Ne5 18. g4 Bd7 19. Nfg5 f6 20. Bxg7 fxg5 21. Nxg5 Kxg7 22. Qxh7+ Kf6 23. Ne4# 1-0

[Event "Ciudad del Este Patriarca Memorial"]
[Site "Ciudad del Este"]
[Date "2015.02.12"]
[Round "3"]
[White "Almeida, Carlos"]
[Black "Zarate, Fernandoh"]
[Result "0-1"]
[WhiteElo "1873"]
[BlackElo "1854"]
[PlyCount "58"]
[EventDate "2015.02.11"]
[EventType "tourn"]
[EventRounds "9"]
[EventCountry "PAR"]
[SourceTitle "EXT 2018"]
[Source "ChessBase"]
[SourceDate "2017.10.13"]
[SourceVersion "1"]
[SourceVersionDate "2017.10.13"]
[SourceQuality "1"]

1. d4 d5 2. c4 Nf6 3. Nf3 e6 4. g3 Be7 5. Bg2 0-0 6. 0-0 c5 7. b3 Nc6 8. Bb2 a6 9. e3 Bd7 10. Nbd2 Rc8 11. Ne5 b5 12. Rc1 Qb6 13. cxd5 exd5 14. dxc5 Bxc5 15. Nxd7 Nxd7 16. Bxd5 Nb4 17. Bg2 Nxa2 18. Rxc5 Nxc5 19. Qa1 Nb4 20. Bxg7 Rfd8 21. Bc3 Nc2 22. Qa2 b4 23. Nc4 Qg6 24. Be5 Qd3 25. Rc1 Nxb3 26. Rxc2 Rxc4 27. Qxa6 Rxc2 28. Qxd3 Rxd3 29. Be4 Rd1+ 0-1

[Event "Foz do Iguacu op 1st"]
[Site "Foz do Iguacu"]
[Date "2013.12.15"]
[Round "7"]
[White "Zarate, Fernandoh"]
[Black "Gamarra, Ramon"]
[Result "0-1"]
[WhiteElo "1831"]
[BlackElo "1949"]
[PlyCount "48"]
[EventDate "2013.12.12"]
[EventType "swiss"]
[EventRounds "7"]
[EventCountry "BRA"]
[SourceTitle "CBM 158 Extra"]
[Source "ChessBase"]
[SourceDate "2014.02.28"]
[SourceVersion "1"]
[SourceVersionDate "2014.02.28"]
[SourceQuality "1"]

1. d4 Nf6 2. c4 e6 3. Nc3 d5 4. Nf3 Be7 5. Bg5 0-0 6. e3 Nbd7 7. Bd3 b6 8. 0-0 Bb7 9. Qe2 c5 10. Rad1 cxd4 11. exd4 Rc8 12. Ne5 Re8 13. Rfe1 Nf8 14. cxd5 Nxd5 15. Qh5 g6 16. Qf3 f6 17. Ng4 fxg5 18. Nh6+ Kg7 19. Qf7+ Kxh6 20. Nxd5 Bxd5 21. Re5 Bf6 22. Bb5 Bxe5 23. dxe5 Re7 24. Qf6 Rec7 0-1

[Event "Foz do Iguacu op 1st"]
[Site "Foz do Iguacu"]
[Date "2013.12.15"]
[Round "6"]
[White "Zarate, Fernandoh"]
[Black "Garkauskas, Otto Dmitry"]
[Result "0-1"]
[WhiteElo "1831"]
[BlackElo "2122"]
[PlyCount "76"]
[EventDate "2013.12.12"]
[EventType "swiss"]
[EventRounds "7"]
[EventCountry "BRA"]
[SourceTitle "CBM 158 Extra"]
[Source "ChessBase"]
[SourceDate "2014.02.28"]
[SourceVersion "1"]
[SourceVersionDate "2014.02.28"]
[SourceQuality "1"]

1. d4 d5 2. c4 c6 3. Nc3 Nf6 4. Nf3 dxc4 5. a4 Bf5 6. e3 e6 7. Bxc4 Bb4 8. 0-0 0-0 9. Qe2 Nbd7 10. e4 Bg6 11. e5 Nd5 12. Bd2 Be7 13. Bxd5 cxd5 14. Rac1 a6 15. h3 Nb8 16. Ne1 Nc6 17. Be3 Qb6 18. Qd2 Na5 19. Qe2 Rfc8 20. f4 Nc4 21. g4 h6 22. f5 Nxe3 23. Qxe3 Bg5 24. Qf2 Bxc1 25. fxg6 fxg6 26. Qf7+ Kh7 27. Rf6 Qxd4+ 28. Kh1 Rf8 29. Qxg6+ Kh8 30. Rf3 Rxf3 31. Nxf3 Qf2 32. Qf7 Rc8 33. g5 hxg5 34. Qh5+ Kg8 35. Qg4 Qf1+ 36. Ng1 Qf5 37. Qxf5 exf5 38. Nxd5 Kf7 0-1

[Event "Foz do Iguacu op 1st"]
[Site "Foz do Iguacu"]
[Date "2013.12.14"]
[Round "4"]
[White "Zarate, Fernandoh"]
[Black "Zimmermann, Kleber Renato P"]
[Result "1-0"]
[WhiteElo "1831"]
[BlackElo "1997"]
[PlyCount "161"]
[EventDate "2013.12.12"]
[EventType "swiss"]
[EventRounds "7"]
[EventCountry "BRA"]
[SourceTitle "CBM 158 Extra"]
[Source "ChessBase"]
[SourceDate "2014.02.28"]
[SourceVersion "1"]
[SourceVersionDate "2014.02.28"]
[SourceQuality "1"]

1. d4 Nf6 2. c4 c5 3. d5 b5 4. a4 bxc4 5. Nc3 d6 6. e4 Nbd7 7. Nf3 g6 8. Be2 Bg7 9. 0-0 a5 10. Nd2 Nb6 11. Nxc4 Nxc4 12. Bxc4 0-0 13. h3 Qb6 14. Qc2 Ba6 15. Bxa6 Rxa6 16. Nb5 Rb8 17. Ra3 Ne8 18. Rb3 Raa8 19. Nd4 Qc7 20. Nc6 Rxb3 21. Qxb3 Nf6 22. f3 e6 23. Bd2 h6 24. Qb5 exd5 25. Bxa5 Qd7 26. exd5 Nxd5 27. Rd1 Nf4 28. b4 cxb4 29. Bxb4 Ne2+ 30. Kh1 Nc3 31. Bxc3 Bxc3 32. Rc1 Bd2 33. Rc2 Qe6 34. Qb1 Qe1+ 35. Qxe1 Bxe1 36. Ra2 Ra6 37. Nd4 Kf8 38. Kg1 Ba5 39. Kf1 Ke7 40. Ke2 Kd7 41. Kd3 Bb6 42. Nb3 d5 43. Kc3 Kd6 44. Kb4 Bg1 45. a5 Ra8 46. Rc2 Rb8+ 47. Ka4 h5 48. Rc3 Ba7 49. Nc1 Bc5 50. Nd3 Bd4 51. Rc1 Ba7 52. Nb4 Rb7 53. a6 Rd7 54. Kb5 d4 55. Rc6+ Ke7 56. Nd3 Rd5+ 57. Kc4 Rd7 58. Ne5 Rd8 59. Rc7+ Kd6 60. Rxa7 Kxe5 61. Kd3 Ke6 62. Rb7 f6 63. a7 Ra8 64. Kxd4 Kf5 65. g3 g5 66. Kc5 h4 67. gxh4 gxh4 68. Kb6 Kf4 69. Rg7 Kxf3 70. Kb7 Rxa7+ 71. Kxa7 f5 72. Kb6 f4 73. Rg4 Ke3 74. Rxh4 f3 75. Rh8 Kf4 76. Rf8+ Kg3 77. h4 Kxh4 78. Rxf3 Kg4 79. Rf8 Kg5 80. Kc6 Kg6 81. Kd6 1-0

[Event "Ciudad del Este-ch qual"]
[Site "Ciudad del Este"]
[Date "2013.08.30"]
[Round "4.4"]
[White "Almeida, Carlos Bruno Gomes"]
[Black "Zarate, Fernandoh"]
[Result "1/2-1/2"]
[WhiteElo "1855"]
[BlackElo "1835"]
[PlyCount "82"]
[EventDate "2013.08.30"]
[EventType "swiss"]
[EventRounds "7"]
[EventCountry "PAR"]
[SourceTitle "EXT 2023"]
[Source "ChessBase"]
[SourceDate "2022.10.05"]
[SourceVersion "1"]
[SourceVersionDate "2022.10.05"]
[SourceQuality "1"]

1. e4 c6 2. Nf3 d5 3. Nc3 Bg4 4. h3 Bxf3 5. Qxf3 e6 6. d4 Nf6 7. exd5 cxd5 8. Bb5+ Nc6 9. 0-0 Be7 10. Qg3 0-0 11. Bh6 Ne8 12. Bxc6 bxc6 13. Rae1 Bh4 14. Qg4 f5 15. Qe2 Rf6 16. Bf4 Nd6 17. Qh5 Rg6 18. Bxd6 Rh6 19. Qf3 Qxd6 20. Na4 Bf6 21. c3 g5 22. Nc5 Bg7 23. Qg3 f4 24. Qg4 Re8 25. Nd3 Rg6 26. Ne5 Bxe5 27. Rxe5 Qe7 28. Rfe1 Qf6 29. b3 Kf7 30. c4 Rd8 31. Rxe6 Qxe6 32. Rxe6 Rxe6 33. Qxg5 Rf6 34. Qh5+ Kg7 35. Qe5 Rd7 36. c5 Kf7 37. Qh5+ Kf8 38. Qe5 Kf7 39. Qh5+ Kf8 40. Qg5 Kf7 41. Qh5+ Kf8 1/2-1/2

[Event "Pan American-ch U16 24th"]
[Site "Pocos de Caldas"]
[Date "2013.07.29"]
[Round "5.14"]
[White "Zarate, Fernandoh"]
[Black "Agudelo, Pedro Luis"]
[Result "1/2-1/2"]
[WhiteElo "1835"]
[BlackElo "1774"]
[PlyCount "87"]
[EventDate "2013.07.25"]
[EventType "swiss"]
[EventRounds "9"]
[EventCountry "BRA"]
[SourceTitle "EXT 2016"]
[Source "ChessBase"]
[SourceDate "2015.10.08"]
[SourceVersion "1"]
[SourceVersionDate "2015.10.08"]
[SourceQuality "1"]

1. d4 Nf6 2. Nf3 d5 3. Bg5 g6 4. Nbd2 Bg7 5. e3 0-0 6. Bd3 Nc6 7. 0-0 Re8 8. Re1 e5 9. e4 Bg4 10. exd5 Nxd4 11. c4 Qd6 12. Be4 Qb6 13. Rb1 Nxe4 14. Nxe4 f5 15. Ned2 e4 16. Qa4 c6 17. Nxd4 Bxd4 18. Be3 f4 19. c5 Bxc5 20. Bxc5 Qxc5 21. Nxe4 Rxe4 22. Rxe4 Bf5 23. Rc4 Qe7 24. Rcc1 Bxb1 25. Rxb1 Re8 26. Qd1 Rd8 27. Qf3 Rxd5 28. Qxf4 Qd6 29. Qg4 Qd7 30. Qf3 Qf5 31. Qxf5 Rxf5 32. Rd1 Rd5 33. Rxd5 cxd5 34. f3 Kf7 35. Kf2 Ke6 36. Ke3 Ke5 37. h4 h6 38. g3 g5 39. h5 a6 40. b4 b5 41. a3 d4+ 42. Kd3 Kd5 43. f4 g4 44. f5 1/2-1/2

[Event "Pan American-ch U16 24th"]
[Site "Pocos de Caldas"]
[Date "2013.07.29"]
[Round "6.16"]
[White "Zarate, Fernandoh"]
[Black "Salmaso Trelha, Victor Hugo"]
[Result "1/2-1/2"]
[WhiteElo "1835"]
[BlackElo "1708"]
[PlyCount "44"]
[EventDate "2013.07.25"]
[EventType "swiss"]
[EventRounds "9"]
[EventCountry "BRA"]
[SourceTitle "EXT 2016"]
[Source "ChessBase"]
[SourceDate "2015.10.08"]
[SourceVersion "1"]
[SourceVersionDate "2015.10.08"]
[SourceQuality "1"]

1. d4 Nf6 2. c4 e6 3. Nc3 Bb4 4. e3 d5 5. a3 Bxc3+ 6. bxc3 0-0 7. Nf3 b6 8. Bd3 Bb7 9. 0-0 Nbd7 10. cxd5 exd5 11. Qc2 c5 12. Ne5 c4 13. Bf5 g6 14. Bxd7 Nxd7 15. f4 Nxe5 16. dxe5 Bc8 17. Qd1 Bf5 18. g4 Be4 19. Qe1 f6 20. exf6 Qxf6 21. a4 a5 22. g5 Qd6 1/2-1/2

[Event "Pan American-ch U16 24th"]
[Site "Pocos de Caldas"]
[Date "2013.07.28"]
[Round "4.11"]
[White "Munoz Romero, Cristian Camilo"]
[Black "Zarate, Fernandoh"]
[Result "1-0"]
[WhiteElo "2012"]
[BlackElo "1835"]
[PlyCount "91"]
[EventDate "2013.07.25"]
[EventType "swiss"]
[EventRounds "9"]
[EventCountry "BRA"]
[SourceTitle "EXT 2016"]
[Source "ChessBase"]
[SourceDate "2015.10.08"]
[SourceVersion "1"]
[SourceVersionDate "2015.10.08"]
[SourceQuality "1"]

1. c4 c5 2. Nc3 Nc6 3. g3 g6 4. Bg2 Bg7 5. Nf3 e5 6. 0-0 Nge7 7. d3 d6 8. Rb1 0-0 9. a3 a6 10. b4 cxb4 11. axb4 Rb8 12. b5 axb5 13. Nxb5 d5 14. cxd5 Nxd5 15. Ba3 Nce7 16. Bd6 Ra8 17. Bxe5 Bd7 18. Bxg7 Kxg7 19. Qc2 Qa5 20. Nfd4 Rfc8 21. Qb2 Kg8 22. e4 Nc3 23. Nxc3 Qxc3 24. Qxc3 Rxc3 25. Rxb7 Rd8 26. Rb3 Rcc8 27. Nf3 Ba4 28. Ra3 Bc2 29. Ne1 Bb1 30. Bf3 Bc2 31. Bg4 Rc5 32. Nxc2 Rxc2 33. Kg2 Nc6 34. Rd1 Ne5 35. Bf3 Rb8 36. d4 Nc4 37. Rad3 Rbb2 38. Rf1 Ra2 39. Bd1 Rcb2 40. Bb3 Nd2 41. Bxa2 Nxf1 42. Bxf7+ Kxf7 43. Kxf1 Ke6 44. Kg2 Re2 45. Kf3 Ra2 46. Rb3 1-0

[Event "Foz do Iguacu op 3rd"]
[Site "Foz do Iguacu"]
[Date "2013.06.02"]
[Round "5"]
[White "Yano, William Jorge Froes"]
[Black "Zarate, Fernandoh"]
[Result "1-0"]
[WhiteElo "2123"]
[BlackElo "1813"]
[PlyCount "41"]
[EventDate "2013.05.31"]
[EventType "swiss"]
[EventRounds "6"]
[EventCountry "BRA"]
[SourceTitle "CBM 154 Extra"]
[Source "ChessBase"]
[SourceDate "2013.06.25"]
[SourceVersion "2"]
[SourceVersionDate "2013.06.25"]
[SourceQuality "1"]

1. e4 c6 2. Nc3 d5 3. Qf3 d4 4. Bc4 e6 5. Nce2 Bc5 6. Qg3 Qf6 7. f4 Ne7 8. Nf3 Ng6 9. a3 b5 10. Ba2 a5 11. d3 Nd7 12. 0-0 0-0 13. Kh1 Nb6 14. Qh3 h6 15. Qh5 Nd7 16. g4 Ne7 17. f5 exf5 18. gxf5 Rd8 19. Bf4 Ba7 20. Rg1 c5 21. Bxh6 1-0

[Event "Foz do Iguacu op 3rd"]
[Site "Foz do Iguacu"]
[Date "2013.05.31"]
[Round "2"]
[White "Angelotti, Rafaela Beatriz"]
[Black "Zarate, Fernandoh"]
[Result "0-1"]
[WhiteElo "1802"]
[BlackElo "1813"]
[PlyCount "44"]
[EventDate "2013.05.31"]
[EventType "swiss"]
[EventRounds "6"]
[EventCountry "BRA"]
[SourceTitle "CBM 154 Extra"]
[Source "ChessBase"]
[SourceDate "2013.06.25"]
[SourceVersion "2"]
[SourceVersionDate "2013.06.25"]
[SourceQuality "1"]

1. e4 c6 2. d4 d5 3. e5 c5 4. c3 Nc6 5. Bb5 Qb6 6. Bxc6+ bxc6 7. h3 e6 8. Nf3 Ba6 9. Qc2 Ne7 10. g4 Ng6 11. Be3 Be7 12. Nbd2 0-0 13. h4 Rfb8 14. Rb1 Qb5 15. Nb3 cxd4 16. Nbxd4 Qb7 17. h5 Nf8 18. g5 c5 19. Rg1 cxd4 20. cxd4 Bb4+ 21. Kd1 Rc8 22. Qb3 Qb5 0-1

[Event "South America-ch U20"]
[Site "Asuncion"]
[Date "2013.05.21"]
[Round "6"]
[White "Zarate, Fernandoh"]
[Black "De Picciotto, Lucas"]
[Result "1-0"]
[WhiteElo "1813"]
[BlackElo "1782"]
[PlyCount "71"]
[EventDate "2013.05.17"]
[EventType "swiss"]
[EventRounds "9"]
[EventCountry "PAR"]
[SourceTitle "CBM 154 Extra"]
[Source "ChessBase"]
[SourceDate "2013.06.25"]
[SourceVersion "2"]
[SourceVersionDate "2013.06.25"]
[SourceQuality "1"]

1. d4 Nf6 2. c4 c6 3. Nc3 d5 4. Nf3 g6 5. cxd5 cxd5 6. Bg5 Bg7 7. e3 a6 8. a4 Qa5 9. Qd2 Nc6 10. Be2 0-0 11. 0-0 h6 12. Bh4 g5 13. Bg3 Nh5 14. Ne1 Nxg3 15. hxg3 e5 16. dxe5 Bxe5 17. f4 d4 18. exd4 Bxd4+ 19. Kh1 g4 20. f5 Bxf5 21. Qxh6 Bg7 22. Qh4 Bxc3 23. bxc3 Qxc3 24. Bxg4 Bg6 25. Nf3 Qh8 26. Rac1 Qxh4+ 27. gxh4 Kg7 28. Rc5 f6 29. h5 Rh8 30. Kg1 Be4 31. Nh4 f5 32. Bxf5 Bxf5 33. Rcxf5 Rhf8 34. h6+ Kg8 35. h7+ Kg7 36. Rxf8 1-0

[Event "South America-ch U20"]
[Site "Asuncion"]
[Date "2013.05.21"]
[Round "7"]
[White "Zarate, Fernandoh"]
[Black "Quenallata, Luciano"]
[Result "1-0"]
[WhiteElo "1813"]
[BlackElo "2194"]
[PlyCount "107"]
[EventDate "2013.05.17"]
[EventType "swiss"]
[EventRounds "9"]
[EventCountry "PAR"]
[SourceTitle "CBM 154 Extra"]
[Source "ChessBase"]
[SourceDate "2013.06.25"]
[SourceVersion "2"]
[SourceVersionDate "2013.06.25"]
[SourceQuality "1"]

1. d4 Nf6 2. c4 g6 3. Nc3 Bg7 4. e4 d6 5. f3 0-0 6. Bg5 c5 7. d5 a6 8. a4 e6 9. Nge2 exd5 10. cxd5 Qa5 11. Ng3 Re8 12. Be2 Nbd7 13. 0-0 Rb8 14. Qd2 b6 15. Qf4 Qb4 16. Rab1 c4 17. Qh4 Qc5+ 18. Kh1 b5 19. Rbc1 b4 20. Nd1 c3 21. bxc3 b3 22. Nb2 h5 23. Bc4 Nh7 24. Ne2 Ne5 25. Bd3 Qa3 26. Rb1 Nxd3 27. Nxd3 Qxa4 28. Bf4 Rb6 29. Be3 Rb7 30. Bf4 Qc4 31. Rfd1 Bf8 32. Bc1 a5 33. Ba3 Be7 34. Qg3 h4 35. Qf2 h3 36. g4 Ng5 37. Nb2 Qa6 38. Rd4 Bd7 39. f4 Nh7 40. g5 Bf8 41. Ng3 Bg7 42. Rd3 Bb5 43. Re3 Rbe7 44. Rbe1 f6 45. f5 Nxg5 46. fxg6 Bc4 47. Nf5 Rxe4 48. Rxe4 Rxe4 49. Rxe4 Bxd5 50. Ne7+ Kf8 51. Nxd5 Nxe4 52. Qf5 Bh8 53. c4 Nd2 54. Qd7 1-0

[Event "South America-ch U20"]
[Site "Asuncion"]
[Date "2013.05.19"]
[Round "3"]
[White "Apuril, Jose"]
[Black "Zarate, Fernandoh"]
[Result "1-0"]
[WhiteElo "1961"]
[BlackElo "1813"]
[PlyCount "91"]
[EventDate "2013.05.17"]
[EventType "swiss"]
[EventRounds "9"]
[EventCountry "PAR"]
[SourceTitle "CBM 154 Extra"]
[Source "ChessBase"]
[SourceDate "2013.06.25"]
[SourceVersion "2"]
[SourceVersionDate "2013.06.25"]
[SourceQuality "1"]

1. e4 c6 2. d4 d5 3. exd5 cxd5 4. Nf3 Nf6 5. Nc3 Bg4 6. Bb5+ Nc6 7. Qd3 Bxf3 8. Qxf3 e6 9. 0-0 Be7 10. Ne2 0-0 11. c3 Qb6 12. Ba4 Na5 13. Bc2 Nc4 14. Nf4 Nd6 15. Qh3 Nde4 16. f3 Ng5 17. Qg3 h6 18. h4 Ngh7 19. Nd3 Nh5 20. Qg4 N7f6 21. Qh3 Bd6 22. g4 Ng3 23. Re1 Nd7 24. Kg2 f5 25. Rxe6 fxg4 26. Qxg4 Nf5 27. Nf4 Ne7 28. Rxh6 Rf7 29. Nh5 Qb5 30. f4 Bc7 31. f5 Nxf5 32. Bxf5 Re8 33. Bh7+ Kf8 34. Bd3 Qxd3 35. Rh8+ Ke7 36. Bg5+ Nf6 37. Rxe8+ Kxe8 38. Qc8+ Bd8 39. Re1+ Re7 40. Nxg7+ Kf7 41. Rxe7+ Kxe7 42. Qxb7+ Kf8 43. Ne6+ Ke8 44. Ng7+ Kf8 45. Ne6+ Ke8 46. Qc6+ 1-0

[Event "South America-ch U20"]
[Site "Asuncion"]
[Date "2013.05.19"]
[Round "4"]
[White "Zarate, Fernandoh"]
[Black "Heinechen, Juan"]
[Result "1-0"]
[WhiteElo "1813"]
[BlackElo "1596"]
[PlyCount "55"]
[EventDate "2013.05.17"]
[EventType "swiss"]
[EventRounds "9"]
[EventCountry "PAR"]
[SourceTitle "CBM 154 Extra"]
[Source "ChessBase"]
[SourceDate "2013.06.25"]
[SourceVersion "2"]
[SourceVersionDate "2013.06.25"]
[SourceQuality "1"]

1. d4 d5 2. c4 c6 3. Nf3 Nf6 4. Nc3 Bg4 5. Qc2 a6 6. Ne5 dxc4 7. e3 b5 8. a4 Qb6 9. axb5 cxb5 10. Nxg4 Nxg4 11. Qe4 Nxf2 12. Kxf2 Ra7 13. Be2 e6 14. Rf1 Bd6 15. Kg1 0-0 16. Bd2 Kh8 17. Kh1 Nd7 18. Rf3 Be7 19. Rh3 f5 20. Qf3 Qd6 21. Nxb5 Qb6 22. Nxa7 Qxb2 23. Rd1 c3 24. Bc1 Qb3 25. Nc6 Ba3 26. Bxa3 Qxa3 27. e4 Qb2 28. Rxh7+ 1-0

[Event "Ciudad del Este Fernandez Memorial"]
[Site "Ciudad del Este"]
[Date "2013.02.24"]
[Round "6.6"]
[White "Zarate, Fernandoh"]
[Black "Orrego, Julio"]
[Result "0-1"]
[WhiteElo "1811"]
[BlackElo "1850"]
[PlyCount "92"]
[EventDate "2013.02.22"]
[EventType "swiss"]
[EventRounds "7"]
[EventCountry "PAR"]
[SourceTitle "EXT 2023"]
[Source "ChessBase"]
[SourceDate "2022.10.05"]
[SourceVersion "1"]
[SourceVersionDate "2022.10.05"]
[SourceQuality "1"]

1. d4 Nf6 2. c4 c5 3. d5 b5 4. cxb5 a6 5. f3 axb5 6. e4 Qb6 7. Be3 d6 8. Ne2 g6 9. Ng3 Bg7 10. Be2 h5 11. 0-0 h4 12. Nh1 h3 13. g3 Bb7 14. Na3 Ba6 15. Nf2 b4 16. Nc4 Bxc4 17. Bxc4 Nbd7 18. f4 Ra5 19. Qf3 Qa7 20. a3 Nb6 21. Bd3 Nfd7 22. Qe2 bxa3 23. Bd2 Ra4 24. Bb5 Bxb2 25. Bxa4 Qxa4 26. Rab1 0-0 27. Bc1 Bg7 28. Qa2 Ra8 29. Rb3 Nc4 30. Nd1 Bd4+ 31. Kh1 Nf6 32. Rff3 Nxe4 33. f5 Qa5 34. Qe2 Nf6 35. fxg6 a2 36. Qxe7 Ne5 37. gxf7+ Nxf7 38. Rb7 Rf8 39. Bh6 Qd8 40. Qe2 Qe8 41. Re7 a1Q 42. Rxf6 Qxe7 43. Qg4+ Ng5 44. Qxg5+ Kh8 45. Bg7+ Qxg7 46. Qh5+ Kg8 0-1

[Event "Ciudad del Este Fernandez Memorial"]
[Site "Ciudad del Este"]
[Date "2013.02.23"]
[Round "3.5"]
[White "Nery Junior, Jose Antonio"]
[Black "Zarate, Fernandoh"]
[Result "1-0"]
[WhiteElo "2080"]
[BlackElo "1811"]
[PlyCount "57"]
[EventDate "2013.02.22"]
[EventType "swiss"]
[EventRounds "7"]
[EventCountry "PAR"]
[SourceTitle "EXT 2023"]
[Source "ChessBase"]
[SourceDate "2022.10.05"]
[SourceVersion "1"]
[SourceVersionDate "2022.10.05"]
[SourceQuality "1"]

1. e4 c6 2. d4 d5 3. Nc3 dxe4 4. Nxe4 Bf5 5. Bd3 e6 6. Nf3 Nd7 7. 0-0 Bxe4 8. Bxe4 Ngf6 9. Bd3 Be7 10. Qe2 0-0 11. Rd1 Qc7 12. Ne5 Nxe5 13. dxe5 Nd5 14. Qe4 g6 15. Bh6 Rfd8 16. c3 Nb6 17. Re1 Rd5 18. h4 Rad8 19. Bc2 Nd7 20. Bf4 Bxh4 21. g3 Be7 22. Kg2 Nc5 23. Qf3 Bf8 24. Rh1 Bg7 25. Bg5 Re8 26. Bf6 Nd7 27. Bxg7 Kxg7 28. Rxh7+ Kxh7 29. Qxf7+ 1-0

[Event "South America-chT Schools 18th"]
[Site "Natal"]
[Date "2012.12.04"]
[Round "5.3"]
[White "Zarate, Fernandoh"]
[Black "Dos Ramos, Daniel"]
[Result "1-0"]
[WhiteElo "1791"]
[BlackElo "1470"]
[PlyCount "73"]
[EventDate "2012.12.01"]
[EventType "team-swiss"]
[EventRounds "6"]
[EventCountry "BRA"]
[SourceTitle "EXT 2023"]
[Source "ChessBase"]
[SourceDate "2022.10.05"]
[SourceVersion "1"]
[SourceVersionDate "2022.10.05"]
[SourceQuality "1"]
[WhiteTeam "Paraguay"]
[BlackTeam "Surinam"]
[WhiteTeamCountry "PAR"]
[BlackTeamCountry "SUR"]

1. d4 d5 2. c4 e6 3. Nc3 Nf6 4. cxd5 Nxd5 5. Nf3 Nf6 6. Bg5 h6 7. Bh4 Be7 8. e3 0-0 9. Bd3 Nc6 10. 0-0 Nh5 11. Bxe7 Qxe7 12. a3 e5 13. d5 Nd8 14. Rc1 Nf6 15. Nd2 c6 16. e4 Qd6 17. Nb3 Nh7 18. Kh1 Qg6 19. dxc6 Nxc6 20. Nd5 Rd8 21. Rxc6 Qg5 22. Rc7 Rd7 23. Bb5 Rxc7 24. Nxc7 Bg4 25. f3 Rd8 26. Qe2 Bd7 27. Bxd7 Rxd7 28. Nd5 Nf6 29. Nc5 Rd8 30. Nxb7 Rf8 31. Qa6 Nxd5 32. exd5 Rc8 33. d6 Rc1 34. d7 Rxf1+ 35. Qxf1 Kf8 36. d8R+ Qxd8 37. Nxd8 1-0